000 00610nam a22001937a 4500
005 20251108164242.0
008 250721s9999 xx 000 0 ara d
082 1 4 _a792.028/ستا
100 1 _aستانسلافسكي، قسطنطين
245 1 0 _aإعداد الممثل /
264 1 _aالقاهره :
_bنهضة مصر للطباعه و النشر و التوزيع،
_c[19-].
300 _a344ص
650 1 7 _aالتمثيل
650 1 7 _aالمسرح
700 1 _aالعشماوي، محمد زكي
_eترجمة
700 1 _aأحمد، محمود مرسي
942 _2ddc
_cBK
999 _c7494
_d7494